000
nam a22 7a 4500
999
_c
45136
_d
45136
003
OSt
005
20190403122619.0
008
190403b xxu||||| |||| 00| 0 eng d
040
_c
sero soft
100
_a
Saxena,A.B
245
_a
Essentials of Environmental Education
260
_a
Agra
_b
H.P.B
300
_a
284
942
_2
ddc
_c
02